<?xml version="1.0" encoding="UTF-8"?>
<record
    xmlns:xsi="http://www.w3.org/2001/XMLSchema-instance"
    xsi:schemaLocation="http://www.loc.gov/MARC21/slim http://www.loc.gov/standards/marcxml/schema/MARC21slim.xsd"
    xmlns="http://www.loc.gov/MARC21/slim">

  <leader>00939nam a2200265 a 4500</leader>
  <controlfield tag="001">BRCA_8004</controlfield>
  <controlfield tag="005">20190320210107.0</controlfield>
  <controlfield tag="008">180314s1905----gw-a###f##---#000-0#spa-#</controlfield>
  <datafield tag="041" ind1=" " ind2=" ">
    <subfield code="a">ger</subfield>
  </datafield>
  <datafield tag="044" ind1=" " ind2=" ">
    <subfield code="a">gw</subfield>
  </datafield>
  <datafield tag="050" ind1=" " ind2="4">
    <subfield code="a">ND588.R8</subfield>
    <subfield code="b">.J8 1905</subfield>
  </datafield>
  <datafield tag="245" ind1="1" ind2="0">
    <subfield code="a">Juan Mauricio Rugendas</subfield>
    <subfield code="b">un pintor alem&#xE1;n en M&#xE9;xico</subfield>
    <subfield code="c">pr&#xF3;logo de Federico Hern&#xE1;ndez Serrano.</subfield>
  </datafield>
  <datafield tag="260" ind1=" " ind2=" ">
    <subfield code="a">Alemania</subfield>
    <subfield code="b">Dumont Presse</subfield>
    <subfield code="c">[1905]</subfield>
  </datafield>
  <datafield tag="300" ind1=" " ind2=" ">
    <subfield code="a">1 v. (sin paginaci&#xF3;n)</subfield>
    <subfield code="b">il. a color, 12 l&#xE1;minas</subfield>
    <subfield code="c">21 cm.</subfield>
  </datafield>
  <datafield tag="500" ind1=" " ind2=" ">
    <subfield code="a">En portada : dibujo a pluma de Puente Nacional de M&#xE9;xico</subfield>
  </datafield>
  <datafield tag="500" ind1=" " ind2=" ">
    <subfield code="a">Colecci&#xF3;n Gr&#xE1;fica del Estado de Baviera de Munich</subfield>
  </datafield>
  <datafield tag="500" ind1=" " ind2=" ">
    <subfield code="a">Texto reimpreso en Colonia</subfield>
  </datafield>
  <datafield tag="500" ind1=" " ind2=" ">
    <subfield code="a">Y1</subfield>
  </datafield>
  <datafield tag="600" ind1="1" ind2="4">
    <subfield code="a">Rugendas, Juan Mauricio</subfield>
    <subfield code="v">pintor</subfield>
    <subfield code="z">Alemania</subfield>
    <subfield code="9">19872</subfield>
  </datafield>
  <datafield tag="650" ind1="1" ind2="4">
    <subfield code="a">Pintura</subfield>
    <subfield code="x">Paisajes mexicanos</subfield>
    <subfield code="9">19873</subfield>
  </datafield>
  <datafield tag="650" ind1="1" ind2="4">
    <subfield code="a">Pintores</subfield>
    <subfield code="v">Geograf&#xED;a</subfield>
    <subfield code="z">M&#xE9;xico</subfield>
    <subfield code="9">19874</subfield>
  </datafield>
  <datafield tag="700" ind1="1" ind2=" ">
    <subfield code="a">Hern&#xE1;ndez Serrano, Federico</subfield>
    <subfield code="e">pr&#xF3;l.</subfield>
    <subfield code="9">19875</subfield>
  </datafield>
  <datafield tag="902" ind1=" " ind2=" ">
    <subfield code="a">GFM</subfield>
  </datafield>
  <datafield tag="942" ind1=" " ind2=" ">
    <subfield code="2">lcc</subfield>
    <subfield code="c">B</subfield>
  </datafield>
  <datafield tag="999" ind1=" " ind2=" ">
    <subfield code="c">7673</subfield>
    <subfield code="d">7673</subfield>
  </datafield>
  <datafield tag="952" ind1=" " ind2=" ">
    <subfield code="0">0</subfield>
    <subfield code="1">0</subfield>
    <subfield code="4">0</subfield>
    <subfield code="7">0</subfield>
    <subfield code="a">BRCA</subfield>
    <subfield code="b">BRCA</subfield>
    <subfield code="d">2014-03-18</subfield>
    <subfield code="i">Y1</subfield>
    <subfield code="l">0</subfield>
    <subfield code="o">ND588.R8 .J8 1905 (Y1)</subfield>
    <subfield code="p">8615</subfield>
    <subfield code="r">2019-03-22 00:00:00</subfield>
    <subfield code="w">2019-03-22</subfield>
    <subfield code="y">B</subfield>
  </datafield>
</record>
